[Event "SR 3. liga A2 2004/2005"]
[Site "?"]
[Date "2004.??.??"]
[Round "?"]
[White "Szekely, Stefan"]
[Black "Manak, Jozef"]
[Result "1/2-1/2"]
[WhiteElo "2060"]
[BlackElo "2075"]
[Annotator "Piestany B - Orech. Potoo"]
[PlyCount "27"]
[EventDate "2004.??.??"]

1. c4 e5 2. Nc3 Nf6 3. d3 d5 4. cxd5 Nxd5 5. Nf3 Nc6 6. g3 Be7 7. Bg2 Be6 8.
O-O O-O 9. h3 $11 Qd7 10. Kh2 f6 11. Ne4 a5 12. Bd2 b6 13. a3 Nd8 14. d4
1/2-1/2

[Event "SR 3. liga A2 2004/2005"]
[Site "?"]
[Date "2004.??.??"]
[Round "?"]
[White "Stepanovic, Branislav"]
[Black "Both, Lajos"]
[Result "0-1"]
[WhiteElo "2055"]
[BlackElo "1995"]
[Annotator "Piestany B - Orech. Potoo"]
[PlyCount "72"]
[EventDate "2004.??.??"]

1. e4 c5 2. Nf3 d6 3. d4 cxd4 4. Nxd4 Nf6 5. Nc3 g6 6. Be3 Bg7 7. f3 O-O 8. Bc4
a6 9. Qd2 b5 10. Bb3 Bb7 11. Bh6 Nbd7 12. h4 Nc5 13. h5 Nxb3 14. axb3 e5 15.
Nde2 b4 16. Nd5 Bxd5 17. exd5 a5 18. Bxg7 Kxg7 19. hxg6 fxg6 20. Qh6+ Kg8 21.
Ng3 Qc7 22. Qd2 Qc5 23. Ne2 Nxd5 24. Ng3 Nf6 25. Rh4 d5 26. Ne2 e4 27. Nd4 exf3
28. gxf3 Rfe8+ 29. Kf1 Qd6 30. Qf4 Qe7 31. Rh2 Nh5 32. Qg4 Qe5 33. Rg2 Nf4 34.
Rd2 Nh5 35. Re2 Ng3+ 36. Kg2 Nxe2 0-1

[Event "SR 3. liga A2 2004/2005"]
[Site "?"]
[Date "2004.??.??"]
[Round "?"]
[White "Varga, Alexander"]
[Black "Pobjecky, Ivan"]
[Result "1/2-1/2"]
[WhiteElo "1850"]
[BlackElo "2010"]
[Annotator "Piestany B - Orech. Potoo"]
[PlyCount "130"]
[EventDate "2004.??.??"]

1. d4 Nf6 2. c4 g6 3. Nc3 Bg7 4. e3 O-O 5. Bd3 d6 6. f4 e5 7. Nge2 Nc6 8. O-O
Bg4 9. fxe5 dxe5 10. d5 Ne7 11. e4 h6 12. h3 Bxe2 13. Qxe2 Kh7 14. Be3 a6 15.
Rf3 Nfg8 16. Raf1 f6 17. Bc5 Qd7 18. b3 Rf7 19. g4 g5 20. Nd1 Ng6 21. Ne3 N8e7
22. Nf5 Nxf5 23. gxf5 Nf4 24. Qd2 Bf8 25. Be3 Rg7 26. Kh2 Qf7 27. Rg1 Be7 28.
Rfg3 Rag8 29. Be2 h5 30. Qe1 Qf8 31. Bd1 Bc5 32. Qf2 Bxe3 33. Qxe3 Qa3 34. Qd2
Qc5 35. Qe3 Qa3 36. Qd2 Qc5 37. Qe3 Qa5 38. a4 Qb4 39. Qc3 Qc5 40. Qe3 Qa3 41.
Qd2 Qd6 42. Bf3 b6 43. Qd1 Kh6 44. Qc2 Qc5 45. Qd2 Rb8 46. Rc1 Qa3 47. Bd1 Qd6
48. b4 c5 49. b5 axb5 50. cxb5 Ra8 51. Rc4 Qd8 52. Qe3 Qe8 53. Rg1 Kh7 54. Rc3
Kg8 55. Bb3 Kf8 56. Qf2 Ke7 57. Ra1 Kd6 58. Rac1 Rc7 59. Rf3 Qh8 60. Rfc3 Qe8
61. Bd1 Rac8 62. Ra1 Ra8 63. Rac1 Rac8 64. Qf1 Qg8 65. Qf2 Qe8 {
3xopakovana pozicia} 1/2-1/2

[Event "SR 3. liga A2 2004/2005"]
[Site "?"]
[Date "2004.??.??"]
[Round "?"]
[White "Mihalik, Anton"]
[Black "Arpa, Zoltan"]
[Result "1-0"]
[WhiteElo "2030"]
[BlackElo "1890"]
[Annotator "Piestany B - Orech. Potoo"]
[PlyCount "75"]
[EventDate "2004.??.??"]

1. e4 e6 2. d4 d5 3. Nd2 Nf6 4. e5 Nfd7 5. Bd3 c5 6. c3 Nc6 7. Ne2 Qb6 8. Nf3
cxd4 9. cxd4 Bb4+ 10. Kf1 h6 11. Be3 Be7 12. Qc1 Nb4 13. Bb1 Qc6 14. Qd1 Nb6
15. a3 Na6 16. b3 Nb8 17. Bd3 Qd7 18. a4 Qd8 19. Qc2 Nc6 20. Qb2 Nb4 21. Bb1
Bd7 22. Nc1 Rc8 23. Nd3 Nxd3 24. Bxd3 Bb4 25. Rc1 O-O 26. Ke2 Qe7 27. Rxc8 Rxc8
28. Rc1 Bc6 29. Qb1 Qe8 30. g4 Be7 31. h4 Bd7 32. g5 hxg5 33. hxg5 g6 34. Rh1
Qf8 35. Rh6 Qg7 36. Bxg6 Be8 37. Bd3 Rc3 38. Rh7 1-0

[Event "SR 3. liga A2 2004/2005"]
[Site "?"]
[Date "2004.??.??"]
[Round "?"]
[White "Liska, Frantisek"]
[Black "Gono, Pavol"]
[Result "1-0"]
[WhiteElo "2025"]
[BlackElo "1940"]
[Annotator "Piestany B - Orech. Potoo"]
[PlyCount "107"]
[EventDate "2004.??.??"]

1. b3 d5 2. Bb2 c5 3. e3 Bf5 4. Nf3 e6 5. Bb5+ Nc6 6. O-O a6 7. Bxc6+ bxc6 8.
Ne5 Qc7 9. f4 h5 10. d3 Nf6 11. Nd2 Bd6 12. Nef3 Bg4 13. h3 Bxf3 14. Nxf3 Rd8
15. Ne5 Ke7 16. Qe2 a5 17. a4 Rh7 18. Rad1 Nd7 19. Nf3 f6 20. Nh4 g5 21. fxg5
f5 22. g6 Rh6 23. Bg7 Rdh8 24. Bxh8 Rxh8 25. g7 Rg8 26. Qxh5 Rxg7 27. Ng6+ Kf6
28. Nf4 Nf8 29. Qh6+ Kf7 30. Rf3 Bxf4 31. Qxf4 Qe7 32. Rg3 Ng6 33. Qf1 Nf8 34.
Qf4 Ng6 35. Qf2 Rh7 36. c4 Rh4 37. d4 Re4 38. Qd2 Qa7 39. Rf3 Ke7 40. Qf2 Qb6
41. Qb2 Qb4 42. dxc5 Ne5 43. Rg3 Qxc5 44. cxd5 exd5 45. Rc1 Qb6 46. Qc3 Ke6 47.
Kh1 Rb4 48. Rb1 Re4 49. Rf1 Rb4 50. Rg5 Rxb3 51. Qc2 Rd3 52. Rfxf5 Rxe3 53.
Rxe5+ Rxe5 54. Qg6+ 1-0

[Event "SR 3. liga A2 2004/2005"]
[Site "?"]
[Date "2004.??.??"]
[Round "?"]
[White "Furjel, Andrej"]
[Black "Szitasi, Janos"]
[Result "1/2-1/2"]
[WhiteElo "2005"]
[BlackElo "2005"]
[Annotator "Piestany B - Orech. Potoo"]
[PlyCount "96"]
[EventDate "2004.??.??"]

1. e4 c5 2. Nc3 Nc6 3. f4 d6 4. Bc4 g6 5. Nf3 Bg7 6. O-O e6 7. d3 Nge7 8. Qe1
O-O 9. f5 gxf5 10. Bg5 Qd7 11. Qh4 Ng6 12. Qh5 fxe4 13. dxe4 Nd4 14. Bh6 f6 15.
Nxd4 cxd4 16. Ne2 Qc6 17. Bd3 Qc5 18. Qh3 e5 19. Qh5 Be6 20. Bd2 Qc8 21. h3 Bf7
22. Qf3 Be6 23. Ng3 Nh4 24. Qh5 Ng6 25. Nf5 Bxf5 26. Rxf5 Ne7 27. Rf3 Qe8 28.
Qg4 Qc8 29. Qh4 Ng6 30. Qf2 a6 31. a4 b6 32. b3 Qc7 33. g4 Qd7 34. Qg3 b5 35.
h4 h6 36. Kh2 Rab8 37. Rff1 Rb7 38. Kg1 Rbb8 39. Kh2 Rb7 40. Ra2 Kh7 41. axb5
axb5 42. Rfa1 Rfb8 43. h5 Nh8 44. Qf3 Nf7 45. Qf5+ Qxf5 46. gxf5 Ng5 47. Kg3
Rd8 48. Ra7 Rdd7 1/2-1/2

[Event "SR 3. liga A2 2004/2005"]
[Site "?"]
[Date "2004.??.??"]
[Round "?"]
[White "Fekete, Robert"]
[Black "Curidlo, Jan"]
[Result "0-1"]
[WhiteElo "1670"]
[BlackElo "2100"]
[Annotator "Piestany B - Orech. Potoo"]
[PlyCount "58"]
[EventDate "2004.??.??"]

1. e4 c5 2. Nf3 d6 3. d4 cxd4 4. Nxd4 Nf6 5. Nc3 a6 6. Be3 e6 7. f3 Be7 8. Qd2
Qc7 9. O-O-O Nbd7 10. h4 b5 11. Bxb5 axb5 12. Ndxb5 Qc6 13. Nxd6+ Bxd6 14. Qxd6
Qxd6 15. Rxd6 O-O 16. Rhd1 Ne5 17. Bc5 Ba6 18. b3 Rfc8 19. Na4 Ne8 20. Nb6 Nxd6
21. Nxc8 Rxc8 22. Rxd6 Bf1 23. Rd2 h6 24. b4 Ra8 25. Kb1 Bc4 26. c3 Nd3 27. Bb6
Ra3 28. Ba5 Rxc3 29. Rc2 Bxa2+ 0-1

[Event "SR 3. liga A2 2004/2005"]
[Site "?"]
[Date "2004.??.??"]
[Round "?"]
[White "Jurica, Peter"]
[Black "Schmikli, Laszlo"]
[Result "0-1"]
[WhiteElo "2150"]
[BlackElo "2295"]
[Annotator "Vrbove - Velky Meder"]
[PlyCount "62"]
[EventDate "2004.??.??"]

1. Nf3 Nc6 2. d4 d5 3. g3 Bg4 4. Bg2 Qd7 5. Bf4 f6 6. h3 Bf5 7. c3 g5 8. Be3 e6
9. Nbd2 Nge7 10. g4 Bg6 11. h4 gxh4 12. Nxh4 O-O-O 13. Qa4 Bf7 14. g5 fxg5 15.
Bxg5 Rg8 16. Ndf3 Bg7 17. O-O-O h6 18. Bf4 Kb8 19. Qc2 Nc8 20. Ne1 e5 21. dxe5
Nxe5 22. Bh3 Qe8 23. Rg1 Nc4 24. Nef3 N8b6 25. Nd4 Na4 26. b3 Na3 27. Qd2 Bf6
28. Nhf5 Qe4 29. Bxc7+ Kxc7 30. Nb5+ Nxb5 31. bxa4 Nxc3 0-1

[Event "SR 3. liga A2 2004/2005"]
[Site "?"]
[Date "2004.??.??"]
[Round "?"]
[White "Bors, Sandor"]
[Black "Blazek, Milos"]
[Result "0-1"]
[WhiteElo "2140"]
[BlackElo "2125"]
[Annotator "Vrbove - Velky Meder"]
[PlyCount "80"]
[EventDate "2004.??.??"]

1. e4 e5 2. Nf3 Nc6 3. Bb5 a6 4. Ba4 Nf6 5. O-O Be7 6. Re1 b5 7. Bb3 O-O 8. a4
b4 9. d4 d6 10. h3 a5 11. c3 Ba6 12. d5 Nb8 13. cxb4 axb4 14. Qc2 Qd7 15. Nbd2
c6 16. Nc4 Bxc4 17. Bxc4 cxd5 18. exd5 Qc7 19. Qb3 Na6 20. Be3 Nc5 21. Bxc5
Qxc5 22. Rad1 Bd8 23. Bb5 Bb6 24. Re2 Rac8 25. Ne1 Ba5 26. Nd3 Qxd5 27. Qxd5
Nxd5 28. g3 Nc7 29. Bc6 Ne6 30. Bd5 Nd4 31. Ree1 Rc2 32. Kg2 g6 33. Rc1 Rfc8
34. Rxc2 Rxc2 35. Rd1 Kg7 36. Ba2 e4 37. Ne1 Rxb2 38. Rxd4 Rxa2 39. Rxe4 b3 40.
Re3 b2 0-1

[Event "SR 3. liga A2 2004/2005"]
[Site "?"]
[Date "2004.??.??"]
[Round "?"]
[White "Blatnicky, Miroslav"]
[Black "Ivan, Imrich ml"]
[Result "1-0"]
[WhiteElo "2010"]
[BlackElo "2020"]
[Annotator "Vrbove - Velky Meder"]
[PlyCount "107"]
[EventDate "2004.??.??"]

1. e4 e6 2. d4 d5 3. Nd2 dxe4 4. Nxe4 Nd7 5. Bd3 Ngf6 6. Nf3 Be7 7. O-O O-O 8.
Qe2 c5 9. dxc5 Nxc5 10. Nxc5 Bxc5 11. Bg5 Be7 12. Rad1 Nd5 13. Bc1 Qc7 14. Rfe1
Nf4 15. Bxf4 Qxf4 16. c3 b6 17. Ba6 Bxa6 18. Qxa6 Qc7 19. Nd4 Bc5 20. g3 Rfd8
21. Nb5 Qe7 22. b4 Bd6 23. Nxd6 Rxd6 24. Rxd6 Qxd6 25. Qb7 Qd8 26. c4 Rc8 27.
Rc1 Rc7 28. Qf3 g6 29. Rd1 Rd7 30. Rxd7 Qxd7 31. c5 bxc5 32. bxc5 Kf8 33. c6
Qd6 34. Qc3 Qc7 35. a4 Ke8 36. a5 Kd8 37. Qc5 Qe7 38. Qd4+ Kc8 39. a6 Qd8 40.
Qxa7 Qd1+ 41. Kg2 Qd5+ 42. f3 Qxc6 43. Qxf7 Qxa6 44. Qg8+ Kd7 45. Qxh7+ Kd6 46.
Qf7 Qe2+ 47. Kh3 Qf1+ 48. Kg4 Qd3 49. h4 Qd4+ 50. Qf4+ e5 51. Qxd4+ exd4 52. f4
Kd5 53. Kf3 d3 54. g4 1-0

[Event "SR 3. liga A2 2004/2005"]
[Site "?"]
[Date "2004.??.??"]
[Round "?"]
[White "Csefalvay, Stefan"]
[Black "Krchnak, Rudolf"]
[Result "1-0"]
[WhiteElo "1905"]
[BlackElo "1790"]
[Annotator "Vrbove - Velky Meder"]
[PlyCount "117"]
[EventDate "2004.??.??"]

1. Nf3 Nf6 2. g3 g6 3. Bg2 Bg7 4. d4 O-O 5. O-O d6 6. Nc3 c6 7. e4 Qa5 8. h3 e5
9. dxe5 dxe5 10. a3 Qc7 11. Be3 Be6 12. Qe2 Nbd7 13. Rfd1 Nb6 14. Bc5 Rfd8 15.
b3 Rxd1+ 16. Rxd1 Bf8 17. Bxf8 Kxf8 18. Qd2 h5 19. Qg5 Nbd7 20. Qh6+ Ke7 21.
Qd2 Re8 22. Ng5 Kd8 23. Bf1 Kc8 24. Nxe6 Rxe6 25. Bc4 Re7 26. b4 Ne8 27. Qg5
Nb6 28. Bb3 Nd6 29. Qf6 Ne8 30. Qh8 Nd7 31. Bxf7 Ndf6 32. Bxg6 b5 33. Bxe8 Nxe8
34. Qxh5 Kb7 35. h4 Nd6 36. Qe2 Nc4 37. a4 a6 38. axb5 axb5 39. Qg4 Rg7 40. Qe6
Re7 41. Qf6 Rf7 42. Qd8 Na3 43. Qxc7+ Rxc7 44. Rd2 Kc8 45. Ne2 Nc4 46. Rd3 Ra7
47. h5 Rg7 48. f3 Kc7 49. Kh2 Rd7 50. Rxd7+ Kxd7 51. g4 Ke7 52. g5 Kf7 53. Kg3
Ne3 54. c3 Nf1+ 55. Kf2 Nd2 56. Nc1 Nb1 57. Nd3 Nxc3 58. Nxe5+ Kg7 59. Nxc6 1-0

[Event "SR 3. liga A2 2004/2005"]
[Site "?"]
[Date "2004.??.??"]
[Round "?"]
[White "Feranec, Milan"]
[Black "Vizvari, Ludovit"]
[Result "0-1"]
[WhiteElo "1965"]
[BlackElo "1795"]
[Annotator "Vrbove - Velky Meder"]
[PlyCount "119"]
[EventDate "2004.??.??"]

1. Nf3 d5 2. b3 e6 3. Bb2 Nf6 4. d3 c5 5. Nbd2 Nc6 6. a3 d4 7. c4 e5 8. h3 h6
9. g3 Be6 10. Bg2 Be7 11. Rb1 O-O 12. Bc1 Qc7 13. O-O Nh7 14. Re1 Qd7 15. Kh2
Rae8 16. Ng1 f5 17. f3 Bd6 18. Nf1 Nf6 19. Bd2 a5 20. Qc1 b6 21. Rb2 Bf7 22.
Qc2 Bg6 23. Rd1 Bh7 24. Be1 g5 25. Kh1 Rf7 26. Qc1 e4 27. Nh2 e3 28. Nf1 Bg6
29. Qc2 h5 30. Rbb1 Rh7 31. b4 axb4 32. axb4 Nxb4 33. Bxb4 cxb4 34. Qb3 Bf7 35.
Ra1 f4 36. Ra2 b5 37. Qb2 Bc5 38. cxb5 Bxa2 39. Qxa2+ Rf7 40. Qc4 Qd5 41. h4
Qxc4 42. dxc4 gxh4 43. gxf4 Ra7 44. Rb1 Ra2 45. f5 d3 46. Re1 d2 47. Rd1 Rc2
48. Kh2 Rc1 49. Nxd2 exd2 50. Rxd2 Bxg1+ 51. Kh3 b3 52. e4 Rc2 53. Rd1 b2 54.
Rb1 Bd4 55. Bf1 Rc1 56. Bd3 Rxb1 57. Bxb1 Rc8 58. Ba2 Kg7 59. Kxh4 Rxc4 60. b6
0-1

[Event "SR 3. liga A2 2004/2005"]
[Site "?"]
[Date "2004.??.??"]
[Round "?"]
[White "Ivan, Imrich st"]
[Black "Smrek, Peter"]
[Result "1/2-1/2"]
[WhiteElo "1785"]
[BlackElo "1700"]
[Annotator "Vrbove - Velky Meder"]
[PlyCount "90"]
[EventDate "2004.??.??"]

1. e4 e5 2. Nc3 Nf6 3. Bc4 Bc5 4. d3 h6 5. Be3 Bb6 6. Qe2 c6 7. O-O-O Qe7 8. f4
exf4 9. Bxf4 d5 10. exd5 Qxe2 11. Ngxe2 Bg4 12. dxc6 Nxc6 13. h3 Bh5 14. g4 Bg6
15. Nd5 Nxd5 16. Bxd5 O-O-O 17. Bxc6 bxc6 18. Ng3 Rhe8 19. Rhe1 Bf2 20. Rxe8
Rxe8 21. Kd2 Bxg3 22. Bxg3 f5 23. gxf5 Bxf5 24. h4 Bg4 25. Re1 Rxe1 26. Kxe1
Kd7 27. Kf2 Ke6 28. Ke3 Bd1 29. c4 g5 30. b4 a6 31. Kd4 Be2 32. hxg5 hxg5 33.
a4 Kd7 34. Kc3 Bd1 35. a5 Ke6 36. Kd4 Be2 37. Ke3 Bf1 38. Kd4 Kf5 39. Bh2 Be2
40. Ke3 Bf1 41. b5 cxb5 42. cxb5 axb5 43. Kd2 b4 44. a6 b3 45. a7 Bg2 1/2-1/2

[Event "SR 3. liga A2 2004/2005"]
[Site "?"]
[Date "2004.??.??"]
[Round "?"]
[White "Lajda, Dusan"]
[Black "Vegh, Vince"]
[Result "1/2-1/2"]
[WhiteElo "1750"]
[BlackElo "1670"]
[Annotator "Vrbove - Velky Meder"]
[PlyCount "60"]
[EventDate "2004.??.??"]

1. e4 c5 2. Nf3 d6 3. d4 cxd4 4. Nxd4 Nf6 5. Nc3 g6 6. Be3 Bg7 7. h4 h5 8. Qd2
O-O 9. f3 Nc6 10. O-O-O a6 11. Bh6 Bxh6 12. Qxh6 Nxd4 13. Rxd4 e5 14. Rd1 Be6
15. Be2 Qc7 16. Rhg1 Rac8 17. g4 hxg4 18. h5 Nxh5 19. fxg4 Nf4 20. Rh1 f6 21.
Qh8+ Kf7 22. Rh7+ Ke8 23. Rxc7 Rxh8 24. Rxc8+ Bxc8 25. Rxd6 Nxe2+ 26. Nxe2 Bxg4
27. Nc3 Kf7 28. Rb6 Rb8 29. Nd5 f5 30. Nf6 Bf3 1/2-1/2

[Event "SR 3. liga A2 2004/2005"]
[Site "?"]
[Date "2005.??.??"]
[Round "?"]
[White "Doucha, Ludvik"]
[Black "Manak, Jozef"]
[Result "0-1"]
[WhiteElo "2165"]
[BlackElo "2075"]
[Annotator "Trnava B- Piestany B"]
[PlyCount "76"]
[EventDate "2004.??.??"]

1. e4 c5 2. c4 Nc6 3. Ne2 e5 4. Nbc3 d6 5. d3 g6 6. g3 Bg7 7. Bg2 Nge7 8. O-O
O-O 9. f4 Nd4 10. fxe5 dxe5 11. h3 Nec6 12. Be3 Be6 13. Nd5 f6 14. Nec3 Qd7 15.
Kh2 Rf7 16. Qd2 Raf8 17. Rf2 b6 18. Raf1 Qd8 19. g4 g5 20. Kg3 Bc8 21. Rh1 Ne6
22. Bf3 Nf4 23. Bd1 Ng6 24. Ne2 Qd6 25. Kh2 Nd4 26. Ng3 Nf4 27. Bxd4 cxd4 28.
Nxf4 gxf4 29. Nf5 Qc7 30. b4 Be6 31. Qb2 Rc8 32. Rc2 Bf8 33. Bf3 Kh8 34. Rhc1
Qd8 35. c5 bxc5 36. bxc5 Rfc7 37. Qb5 Rc6 38. Bd1 R8c7 {biely eas} 0-1

[Event "SR 3. liga A2 2004/2005"]
[Site "?"]
[Date "2005.??.??"]
[Round "?"]
[White "Stepanovic, Branislav"]
[Black "Puchart, Vladimir"]
[Result "0-1"]
[WhiteElo "2055"]
[BlackElo "2085"]
[Annotator "Trnava B - Piestany B"]
[PlyCount "106"]
[EventDate "2004.??.??"]

1. e4 c5 2. Nf3 d6 3. d4 cxd4 4. Nxd4 Nf6 5. Nc3 a6 6. Bg5 Nbd7 7. f4 Qc7 8.
Qf3 e6 9. O-O-O b5 10. e5 Bb7 11. Qh3 dxe5 12. Nxe6 fxe6 13. Qxe6+ Be7 14. Nxb5
axb5 15. Bxb5 Bd5 16. Rxd5 Nxd5 17. Qxd5 Rc8 18. Ba4 Bxg5 19. fxg5 Ke7 20. Bb3
Qc6 21. Qf7+ Kd8 22. Rd1 Kc7 23. Qxg7 Rhd8 24. Qxh7 Kb8 25. Bd5 Qc7 26. Be6 Rh8
27. Qe4 Nc5 28. Qb4+ Nb7 29. Bxc8 Rxc8 30. c3 Qc6 31. g4 Qf3 32. h4 e4 33. Rd7
e3 34. Rxb7+ Qxb7 35. Qxb7+ Kxb7 36. Kd1 Rc4 37. g6 Rxg4 38. h5 Rg2 39. a4 Kb6
40. b4 Kc6 41. c4 Rg5 42. Ke2 Rxh5 43. Kxe3 Rg5 44. Kd4 Rg4+ 45. Kc3 Rxg6 46.
a5 Rg1 47. Kd4 Rd1+ 48. Kc3 Rb1 49. a6 Kb6 50. b5 Kc5 51. Kc2 Rb4 52. Kc3 Rxc4+
53. Kb3 Kxb5 0-1

[Event "SR 3. liga A2 2004/2005"]
[Site "?"]
[Date "2005.??.??"]
[Round "?"]
[White "Krist, Milan"]
[Black "Pobjecky, Ivan"]
[Result "1/2-1/2"]
[WhiteElo "2000"]
[BlackElo "2010"]
[Annotator "Trnava B - Piestany B"]
[PlyCount "86"]
[EventDate "2004.??.??"]

1. d4 Nf6 2. c4 g6 3. Nc3 d5 4. cxd5 Nxd5 5. e4 Nxc3 6. bxc3 Bg7 7. f4 O-O 8.
Nf3 c5 9. e5 cxd4 10. cxd4 Be6 11. Be2 Na6 12. O-O Nc7 13. Ng5 Bd5 14. Be3 Qd7
15. Bd3 f5 16. Qe2 Rac8 17. Rac1 h6 18. Nf3 Rfd8 19. Nh4 Kh7 20. g4 e6 21. Nxg6
Kxg6 22. gxf5+ Kf7 23. Qh5+ Kg8 24. f6 Bf8 25. Qg6+ Bg7 26. Kf2 Qf7 27. Qh7+
Kf8 28. fxg7+ Qxg7 29. Qxg7+ Kxg7 30. Rg1+ Kf7 31. Bg6+ Ke7 32. Bh5 Ne8 33.
Bxe8 Rxc1 34. Bxc1 Rxe8 35. Rg7+ Kf8 36. Rc7 Kg8 37. f5 exf5 38. Bxh6 Re6 39.
Bg5 Ra6 40. h4 Rxa2+ 41. Ke3 Ra3+ 42. Kd2 Ra2+ 43. Rc2 Rxc2+ 1/2-1/2

[Event "SR 3. liga A2 2004/2005"]
[Site "?"]
[Date "2005.??.??"]
[Round "?"]
[White "Mihalik, Anton"]
[Black "Puskas, Miroslav"]
[Result "1/2-1/2"]
[WhiteElo "2030"]
[BlackElo "2070"]
[Annotator "Trnava B - Piestany B"]
[PlyCount "26"]
[EventDate "2004.??.??"]

1. e4 d5 2. exd5 Nf6 3. d4 Qxd5 4. Nc3 Qa5 5. Bd3 c6 6. h3 g6 7. Nf3 Bg7 8. O-O
Nbd7 9. Re1 e6 10. Bd2 Qc7 11. Ne2 O-O 12. Ng3 b5 13. a4 bxa4 $11 1/2-1/2

[Event "SR 3. liga A2 2004/2005"]
[Site "?"]
[Date "2005.??.??"]
[Round "?"]
[White "Mosny, Jaroslav"]
[Black "Gono, Pavol"]
[Result "0-1"]
[WhiteElo "1940"]
[BlackElo "2040"]
[Annotator "Trnava B - Piestany B"]
[PlyCount "80"]
[EventDate "2004.??.??"]

1. d4 c6 2. e4 d5 3. Nd2 dxe4 4. Nxe4 Nd7 5. Nf3 Ngf6 6. Nxf6+ Nxf6 7. Bc4 e6
8. O-O Be7 9. Re1 O-O 10. Bg5 b5 11. Bd3 Bb7 12. c3 a6 13. Qc2 g6 14. Rad1 Nd5
15. Bxe7 Qxe7 16. Qd2 Kg7 17. Qg5 Qc7 18. Qe5+ Qxe5 19. Nxe5 f6 20. Nd7 Rfe8
21. Nc5 Bc8 22. Be4 Ra7 23. g3 Rae7 24. Kg2 e5 25. Bxd5 cxd5 26. dxe5 Rxe5 27.
Rxe5 Rxe5 28. Rd4 Re2 29. Rxd5 Rxb2 30. Rd8 Bf5 31. h3 h5 32. Nxa6 Rxa2 33. Nc7
Be4+ 34. Kh2 Rxf2+ 35. Kg1 Rg2+ 36. Kf1 Rxg3 37. Nxb5 Bd3+ 38. Kf2 Rxh3 39. Nd4
Bc4 40. Kg2 Rxc3 0-1

[Event "SR 3. liga A2 2004/2005"]
[Site "?"]
[Date "2005.??.??"]
[Round "?"]
[White "Furjel, Andrej"]
[Black "Bukovsky, Milan"]
[Result "1-0"]
[WhiteElo "2005"]
[BlackElo "2045"]
[Annotator "Trnava B - Piestany B"]
[PlyCount "55"]
[EventDate "2004.??.??"]

1. Nf3 Nf6 2. c4 e6 3. Nc3 d5 4. cxd5 exd5 5. d4 Be7 6. Bg5 O-O 7. e3 c6 8. Qc2
Be6 9. Bd3 h6 10. Bh4 Nbd7 11. O-O Ne8 12. Bg3 Bd6 13. Ne5 Bxe5 14. dxe5 Nc5
15. Bh7+ Kh8 16. Ne2 Nc7 17. Nd4 h5 18. f4 Bg4 19. h3 Bd7 20. Qxc5 Kxh7 21.
Qc2+ Kg8 22. f5 Nb5 23. Nxb5 cxb5 24. f6 Rc8 25. Qf2 Rc4 26. Rad1 Be6 27. Rd4
gxf6 28. Bh4 1-0

[Event "SR 3. liga A2 2004/2005"]
[Site "?"]
[Date "2005.??.??"]
[Round "?"]
[White "Hagara, Vladimir"]
[Black "Moravcik, Marian"]
[Result "1/2-1/2"]
[WhiteElo "1980"]
[BlackElo "1995"]
[Annotator "Trnava B - Piestany B"]
[PlyCount "90"]
[EventDate "2004.??.??"]

1. d4 Nf6 2. c4 d6 3. Nc3 g6 4. e4 Bg7 5. Be2 O-O 6. f4 c5 7. d5 e6 8. dxe6
fxe6 9. Bf3 a6 10. Nge2 Nc6 11. O-O Qc7 12. a4 Bd7 13. Be3 Nb4 14. Qd2 Rad8 15.
Rad1 Bc8 16. Nc1 b6 17. Nd3 Nxd3 18. Qxd3 Bb7 19. Qc2 Kh8 20. Qc1 Bc6 21. b3
Qb7 22. Qc2 Kg8 23. Kh1 $11 d5 24. exd5 exd5 25. Nxd5 Nxd5 26. cxd5 Bxd5 27.
Bxd5+ Rxd5 28. Qc4 Rfd8 29. h3 Kh8 30. Qc2 Qd7 31. Rxd5 Qxd5 32. Rb1 Qd3 33.
Qc1 Bd4 34. Bxd4+ Rxd4 35. Rb2 Kg7 36. Qe1 Re4 37. Qc1 Qg3 38. Rb1 Re2 39. Qf1
Rf2 40. Qg1 Rxf4 41. a5 Rb4 42. axb6 Rxb6 43. Qxc5 Qd6 44. Qc3+ $11 Qf6 45.
Qc7+ Kh6 $11 1/2-1/2

[Event "SR 3. liga A2 2004/2005"]
[Site "?"]
[Date "2005.??.??"]
[Round "?"]
[White "Curidlo, Jan"]
[Black "Vagovsky, Jozef"]
[Result "1/2-1/2"]
[WhiteElo "2100"]
[BlackElo "1850"]
[Annotator "Trnava B - Piestany B"]
[PlyCount "74"]
[EventDate "2004.??.??"]

1. e4 e6 2. d4 d5 3. e5 c5 4. c3 Nc6 5. a3 Qb6 6. Nf3 a6 7. b4 cxd4 8. cxd4 Bd7
9. Be2 Nge7 10. O-O Nf5 11. Be3 Rc8 12. Qd2 Be7 13. Nc3 O-O 14. Na4 Qa7 15. Nc5
Nxe3 16. fxe3 Nb8 17. Rfc1 b6 18. Nxd7 Qxd7 19. Bd3 Rxc1+ 20. Rxc1 Rc8 21. Rc3
Rxc3 22. Qxc3 Bd8 23. Qc2 h6 24. Kf2 Qc7 25. Qxc7 Bxc7 26. h3 Kf8 27. Nd2 f6
28. exf6 gxf6 29. g4 Kf7 30. Nb3 Bd6 31. Ke2 Ke7 32. Kd2 a5 33. bxa5 bxa5 34.
Nxa5 Bxa3 35. Kc2 Bb4 36. Nb3 Be1 37. Kd1 Bb4 $11 1/2-1/2

[Event "SR 3. liga A2 2004/2005"]
[Site "?"]
[Date "2005.??.??"]
[Round "?"]
[White "Kramarik, Peter"]
[Black "Halas, Miroslav"]
[Result "0-1"]
[WhiteElo "2050"]
[BlackElo "1830"]
[Annotator "Vrbove - Trnava C"]
[PlyCount "44"]
[EventDate "2004.??.??"]

1. c4 f5 2. Nc3 Nf6 3. g3 e5 4. Bg2 Be7 5. e4 fxe4 6. Nxe4 O-O 7. Ne2 d6 8. Qb3
c6 9. d3 Nbd7 10. Bd2 Nxe4 11. dxe4 Nc5 12. Qc2 Qb6 13. Be3 Qxb2 14. Rc1 Qxc2
15. Rxc2 Nd3+ 16. Kf1 Be6 17. Nc1 Nb4 18. Rc3 Rfc8 19. a3 Na6 20. Nd3 b5 21. c5
dxc5 22. Nxc5 Bxc5 0-1

[Event "SR 3. liga A2 2004/2005"]
[Site "?"]
[Date "2005.??.??"]
[Round "?"]
[White "Uvacek, Radovan"]
[Black "Krchnak, Rudolf"]
[Result "0-1"]
[WhiteElo "1735"]
[BlackElo "1790"]
[Annotator "Vrbove - Trnava C"]
[PlyCount "101"]
[EventDate "2004.??.??"]

1. e4 c5 2. Nc3 Nc6 3. Nf3 d6 4. d3 g6 5. Be2 Bg7 6. Bd2 e6 7. O-O Nge7 8. a3
a6 9. Rb1 O-O 10. Re1 b5 11. Na2 Bb7 12. Bc3 e5 13. Bd2 Bc8 14. Qc1 Nd4 15.
Nxd4 exd4 16. Bh6 Be6 17. Bxg7 Kxg7 18. b3 Nc6 19. Qd2 Qh4 20. g3 Qh6 21. Qxh6+
Kxh6 22. f4 Rae8 23. Bf3 Bd7 24. Re2 Kg7 25. Rbe1 f6 26. Nc1 h5 27. Kg2 Bg4 28.
Bxg4 hxg4 29. f5 g5 30. Rf2 Ne5 31. Ne2 Rh8 32. Rh1 Rh7 33. Ng1 Reh8 34. h3
gxh3+ 35. Rxh3 Ng4 36. Rxh7+ Rxh7 37. Re2 Ne3+ 38. Kf3 Rh1 39. Kf2 Rh2+ 40. Kf3
Rxe2 41. Nxe2 Nxc2 42. a4 Ne1+ 43. Kf2 Nxd3+ 44. Kf1 bxa4 45. bxa4 Nb2 46. a5
Nc4 47. Ke1 Nxa5 48. Kd2 Nc6 49. Kc2 Ne5 50. Kb3 d3 51. Kc3 0-1

[Event "SR 3. liga A2 2004/2005"]
[Site "?"]
[Date "2005.??.??"]
[Round "?"]
[White "Feranec, Milan"]
[Black "Jancik, Ondrej"]
[Result "1/2-1/2"]
[WhiteElo "1965"]
[BlackElo "1720"]
[Annotator "Vrbove - Trnava C"]
[PlyCount "59"]
[EventDate "2004.??.??"]

1. Nf3 Nf6 2. c4 g6 3. Nc3 d5 4. d4 Bg7 5. e3 O-O 6. b3 Nc6 7. Bb2 e6 8. Be2
Re8 9. O-O b6 10. a3 Bb7 11. Qc2 Rc8 12. Rad1 Ne7 13. Ne5 c6 14. f4 Nf5 15. Bc1
Nd6 16. c5 Nde4 17. b4 Nxc3 18. Qxc3 Ne4 19. Qc2 f6 20. Ng4 e5 21. fxe5 fxe5
22. dxe5 Qg5 23. Bf3 Ba6 24. Rfe1 Rf8 25. Nf6+ Nxf6 26. exf6 Qxf6 27. cxb6 axb6
28. Qf2 Rce8 29. Qg3 Qe5 30. Qf2 1/2-1/2

[Event "SR 3. liga A2 2004/2005"]
[Site "?"]
[Date "2005.??.??"]
[Round "?"]
[White "Lajda, Dusan"]
[Black "Klanica, Anton"]
[Result "1/2-1/2"]
[WhiteElo "1750"]
[BlackElo "1910"]
[Annotator "Vrbove - Trnava C"]
[PlyCount "53"]
[EventDate "2004.??.??"]

1. e4 e6 2. d4 d5 3. Nc3 Nf6 4. e5 Nfd7 5. Nf3 c5 6. Ne2 Nc6 7. c3 Qb6 8. a3 a5
9. g3 Be7 10. Bh3 a4 11. O-O h6 12. Nf4 Nf8 13. Nh5 Rg8 14. Bg2 Bd7 15. dxc5
Qxc5 16. Be3 Qb5 17. Rb1 Qa6 18. Re1 Na5 19. Bf1 b5 20. Nf4 Qb7 21. Bd4 Rc8 22.
Bd3 g6 23. Ne2 Rh8 24. Be3 Nh7 25. Ned4 Ng5 26. Nxg5 hxg5 27. Qg4 1/2-1/2